000
00324nam a2200145Ia 4500
008
221030s9999 xx 000 0 und d
041
_a
English
082
_a
105.23
_b
Kos
100
_a
I. L Kosow
245
0
_a
Circuit Analysis
260
_b
John Wiley & Sons
_a
New York
_c
1988
300
_a
812
650
_a
EE
942
_c
BK
999
_c
978
_d
978